000 01226 a2200265 4500
003 Nust
005 20170207154015.0
010 _a 2004109876
020 _a0131482025
035 _a(OCoLC)ocm56512026
040 _cNust
082 0 4 _a005.133
100 1 _aHorstmann, Cay S.,
245 1 0 _aCore Java 2 (E-BOOK)
_cCay S. Horstmann, Gary Cornell.
246 3 _aCore Java two
250 _a7th ed.
260 _aSanta Clara, Calif. :
_bSun Microsystems Press,
_cc2005.
300 _a2 v. :
_bill. ;
_c24 cm.
440 0 _aSun Microsystems Press Java series
500 _a"J2SE 5.0"--Cover.
500 _aIncludes indexes.
505 0 _aChapter 1. An Introduction to Java, Chapter 2. The Java Programming Environment, Chapter 3. Fundamental Programming Structures in Java, Chapter 4. Objects and Classes, Chapter 5. Inheritance, Chapter 6. Interfaces and Inner Classes, Chapter 7. Graphics Programming, Chapter 8. Event Handling, Chapter 9. User Interface Components with Swing, Chapter 10. Deploying Applets and Applications, Chapter 11. Exceptions and Debugging, Chapter 12. Streams and Files, Chapter 13. Generic Programming,
650 0 _aJava (Computer program language)
700 1 _aCornell, Gary.
942 _2ddc
_cBK
999 _c191384
_d191384